| 000 | 00636nam a2200205 a 4500 | ||
|---|---|---|---|
| 005 | 20140310183540.0 | ||
| 008 | 111109s19uu xx 00 eng d | ||
| 020 | _a1412915953 | ||
| 050 |
_aLC 4019 _b.H363 2006 |
||
| 100 | _aHannell, Glynis | ||
| 245 |
_aIdentifying children with special needs : _bchecklists and action plans fot teachers / _cGlynis Hannell. |
||
| 260 |
_aCalifornia : _bCorwin Press, _c2006. |
||
| 300 |
_a180 p. : _bill. ; _c28 cm. |
||
| 521 | _aEDU | ||
| 650 |
_aChildren with disabilities _xEducation |
||
| 650 | _aNeeds assessment | ||
| 650 |
_aAbility _xTesting |
||
| 942 |
_cBK _2lcc _kFOR |
||
| 999 |
_c24780 _d24780 |
||